• 首页
  • 本馆介绍
  • 公告通知
  • 最新文献
  • 馆藏检索
  • 电子资源
  • 读者导购
  • 参考咨询
  • 我的图书馆
  • 登录
  • 详细信息显示
  • 放入我的书架
  • 预约/预借图书
  • 作者相关作品
  • 分类相关作品
  • 丛书相关作品
  • 出版社相关作品

书目信息

  • 表格格式
  • 工作单格式
  • 卡片格式
题名:
中国大百科全书
    
 
作者: ;中国大百科全书总编辑委员会《环境科学》编辑委员会 编
分册:   环境科学
出版信息: 北京   中国大百科全书出版社  1983.12
页数: 537页
开本: 26cm
丛书名:
单 册:
中图分类: X-61
科图分类:
主题词: 环境科学--百科全书 , 劳动保护--百科全书 , 安全学--百科全书
电子资源:
ISBN:
000 00791nam0 2200217 45
001 0312221749
005 20050104111504.7
010    @b精装@dCNY16.20
100    @a20031222d1983 km y0chiy0120 ea
101    @achi
105    @a z 000yy
200 1  @a中国大百科全书@AZhong Guo Da Bai Ke Quan Shu@i环境科学@f中国大百科全书总编辑委员会《环境科学》编辑委员会编@FZhong Guo Da Bai Ke Quan Shu Zong Bian Ji Wei Yuan Hui《Huan Jing Ke Xue》Bian Ji Wei Yuan Hui Bian
210    @a北京@c中国大百科全书出版社@d1983.12
215    @a537页@c单页插@d26cm
606 0  @a环境科学@x百科全书
606 0  @a劳动保护@x百科全书
606 0  @a安全学@x百科全书
690    @aX-61@v3
711 02 @a中国大百科全书总编辑委员会《环境科学》编辑委员会@4编
801    @aCN@bTSTCL@c20031222
905    @dX-61@e5@f1@b101912
    
    中国大百科全书.环境科学/中国大百科全书总编辑委员会《环境科学》编辑委员会编.-北京:中国大百科全书出版社,1983.12
    537页:单页插;26cm
    
    
    ISBN (精装):CNY16.20
    
●
相关链接 在E读中查询图书 在五车中查询图书 在当当中查询图书 在豆瓣中查询图书


正题名:中国大百科全书     索取号:X-61/5         预约/预借

序号 登录号 条形码 馆藏地/架位号 状态 备注
1 0101912   001966769   工具书阅览室/ [索取号:X-61/5] 在馆    
2 0101913   202125342   第二样本阅览室/ [索取号:X-61/5] 在馆    
唐山师范学院图书馆 欢迎您!
大连网信软件有限公司© 版权所有